PRODUCTIVIDAD AGRICOLA: UN ESTUDIO SOBRE MEXICO/
Uloženo v:
| Hlavní autor: | |
|---|---|
| Médium: | Kniha |
| Edice: | CENTRO NACIONAL DE PRODUCTIVIDAD;
8 |
| Témata: | |
| Tagy: |
Žádné tagy, Buďte první, kdo vytvoří štítek k tomuto záznamu!
|
MARC
| LEADER | 00000nam^a2200000^a^4500 | ||
|---|---|---|---|
| 001 | 000223945 | ||
| 005 | 20250521000000.0 | ||
| 009 | 20260310104034.415 | ||
| 035 | |a 042751 | ||
| 037 | |a Acervo Xavier Clavigero | ||
| 082 | |a 338. 1 |b PAL | ||
| 100 | |a Palerm, Angel |e (autor) | ||
| 245 | 1 | 0 | |a PRODUCTIVIDAD AGRICOLA: |b UN ESTUDIO SOBRE MEXICO/ |c ANGEL PALERM |
| 264 | |a MEXICO : |b PRODUCTIVIDAD, |c 1968 | ||
| 300 | |a 69p. | ||
| 336 | |a texto |b txt |2 rdacontenido | ||
| 337 | |a sin mediación |b n |2 rdamedio | ||
| 338 | |a volumen |b nc |2 rdasoporte | ||
| 440 | |a CENTRO NACIONAL DE PRODUCTIVIDAD; |v 8 | ||
| 649 | |a XX | ||
| 650 | |a Industria Agropecuaria | ||
| 650 | |a Agricultura - |z México | ||
| 910 | |a Fondo General | ||
| 920 | |a Impresos - Libros | ||
| 930 | |a Colección General | ||
| 905 | |a 101 | ||
| 901 | |a 042751 |b IT1 |c ACC |i 042751 |u 20250521 | ||
| 902 | |a https://opac.biblio.iteso.mx/vufind/Record/000223945 | ||